| 000 | 01417cam a22003494i 4500 | ||
|---|---|---|---|
| 003 | PE-LiUPU | ||
| 005 | 20250731184106.0 | ||
| 008 | 150625s1966 pe a r 000 0 spa d | ||
| 035 | _a(Sirsi) a30398 | ||
| 040 |
_aPE-LiUPU _bspa _cPE-LiUPU _dPE-LiUPU _erda |
||
| 049 | _aPRUA | ||
| 082 | 0 | 4 |
_a869.552 _bZ7H _221 |
| 100 | 1 |
_aHerrera Pinto,Salvador, _eautor. |
|
| 245 | 1 | 3 | _aLa cuna de Ricardo Palma. |
| 264 | 1 |
_aLima Perú : _bAusonia, _c1966. |
|
| 300 |
_a173p : _bilustraciones ; _c18 centímetros |
||
| 336 |
_atext _2rdacontent |
||
| 337 |
_aunmediated _2rdamedia |
||
| 338 |
_avolume _2rdacarrier |
||
| 505 | 0 | _asíntesis de los que sostienen que ricardo palma era limeño -- ¿palma arequipeño? -- palma apurimeño -- datos indispensables sobre justa palma y cecilia samanez palma. | |
| 526 | _aP145 | ||
| 526 | _aP127 | ||
| 526 | _aP97 | ||
| 526 | _aP14 | ||
| 526 | _aP07 | ||
| 942 |
_2ddc _cBOOK |
||
| 949 |
_a869.552 Z7H _wDEWEY _c1 _i15414 _lCCODEBUL1 _mBUL _p36.00 _r0 _sY _tBOOK _u2015-06-25 _xBIBLIOTECA _zUNKNOWN _0COMPRA _o.STAFF. Colección Ciencias Humanas y Educación |
||
| 994 |
_aC0 _bPEPRU |
||
| 596 | _a1 | ||
| 999 |
_a869.552 Z7H _wDEWEY _c37837 _i15414 _d37837 _e2015-11-12 _f2021-11-9 _g5 _lCCODEBUL1 _mBUL _n1 _p36.00 _r0 _sY _tBOOK _u2015-6-25 _xEDUCACION _zUNKNOWN _0COMPRA _o.STAFF. Colección Ciencias Humanas y Educación |
||
| 980 |
_81 _gALBERTO SANCHEZ Responsable de Automatización |
||